| 000 | 02001nam0a2200397 4500 | ||
|---|---|---|---|
| 001 | RU\NLR\bibl\372235 | ||
| 005 | 20260520081110.0 | ||
| 010 |
_a5-85716-430-3 _9150 |
||
| 021 |
_aRU _b2003-333 _920 |
||
| 035 | _a(NLR Aleph) 000366748 | ||
| 090 |
_a370093 _c370093 |
||
| 100 | _a20030219d2002 k y0rusy50 ca | ||
| 101 | 0 | _arus | |
| 102 | _aRU | ||
| 105 | _aa ||||||||| | ||
| 200 | 1 |
_aАдаптация биологических систем к естественным и экстремальным факторам среды _eМатериалы II регион. науч. конф., 2-5 дек. 2002 г. _f[Редкол.: Н. А. Фомин и др.] |
|
| 210 |
_aЧелябинск _cИзд-во Челяб. гос. пед. ун-та _d2002 |
||
| 215 |
_a288 с. _cил. _d20 |
||
| 300 | _aВ надзаг.: М-во образования Рос. Федерации, Челяб. гос. пед. ун-т | ||
| 320 | _aБиблиогр. в конце докл. | ||
| 606 | 0 |
_aБиологические системы _jСъезды, совещания и т.п. _xАдаптация к факторам окружающей среды _92279092 _3RU\NLR\auth\661365566 |
|
| 610 | 0 | _aАдаптация | |
| 675 |
_a577.346(082) _v3 _zrus |
||
| 686 |
_a31.27 _2rugasnti |
||
| 686 |
_a28.071 _2rubbk |
||
| 686 | _aЕ081.2я431(2) | ||
| 702 | 1 |
_4340 _7ca _8rus _aФомин _bН. А. _cд-р биол. наук _f1931- _gНиколай Андреевич _92709710 _3RU\NLR\AUTH\770293839 |
|
| 711 | 1 | 2 |
_aРегиональная научная конференция по проблемам адаптации биологических систем к естественным и экстремальным факторам среды _d2 _eЧелябинск _f2002 _9586538 _3RU\NLR\AUTH\8810043512 |
| 801 | 0 |
_aRU _bRKP _c20030219 _gPSBO |
|
| 801 | 1 |
_aRU _bRKP _c20030219 |
|
| 801 | 2 |
_aRU _bNLR _c20030314 _grcr |
|
| 942 | _cBOOK | ||
| 980 | _aNB | ||
| 980 | _aNBR | ||